| 000 | 00656nam a22001577a 4500 | ||
|---|---|---|---|
| 003 | OSt | ||
| 005 | 20151003134743.0 | ||
| 008 | 151003b xxu||||| |||| 00| 0 eng d | ||
| 040 | _cRUA | ||
| 082 | _aAVM LY 1993 B073 Or.1 | ||
| 100 |
_91893 _aLY ROSZAT |
||
| 245 | _aFamily chickens raising of pattern farmers in preykabass district, takeo province, (ការចិញ្ចឹមមាន់ជាលក្ខណៈគ្រួសាររបស់កសិករគំរូ នៅស្រុកព្រៃកប្បាស ខេត្តតាកែវ) | ||
| 260 |
_aphnom penh _bRUA _c1993 |
||
| 300 |
_aix, 64p. _bill. _c29cm. |
||
| 942 |
_2ddc _cAVM |
||
| 999 |
_c1786 _d1786 |
||